000 00446nam a22001577a 4500
003 NUST
038 _aSaba
082 _a004
_bMCS
100 _aNoor, Muzzamil
_935121
245 _aAutomated Anaylsis of Malware-Semantic Based Approach
_cMuzzamil Noor
260 _aIslamabad :
_bMCS-NUST,
_c2015.
300 _a78p.
_c30cm
650 _aInformation Security - Automated Analysis
_935122
700 _aDr. Haider Abbas
_921260
942 _2ddc
_cTHE
999 _c540862
_d540862